000 00609nam a2200205Ia 4500
003 GCL
008 140319s9999 xx 000 0 eng d
040 _aGCL /
_cGCL
082 0 4 _a387.7
_bF P
100 1 _aFEDERAL AVIATION ADMINISTRATION
245 1 0 _aPILOTS AND FLIGHT ENGINEERS /
_cFEDERAL AVIATION ADMINISTRATION
260 _aنيويورك :
_bFEDRAL AVIATION ADMINISTRATION
300 _a24 CM ؛
_c130 P
490 _aAVIATION CAREERS SERIES
_v0
650 0 4 _aAVIATION
650 0 4 _aAVIATION - EDUCATION
650 0 4 _aAVIATION - UNITED STATES
650 0 4 _aFLIGHT ENGINEERS
942 _2ddc
_cBK
999 _c15622
_d15622